[Event "Titled Tuesday intern op 01st Nov Early"]
[Site "Chess.com INT"]
[Date "2022.11.01"]
[Round "7"]
[White "Amgalantengis, Enkh Amgalan"]
[Black "Mekhitarian, Krikor Sevag"]
[Result "1-0"]
[WhiteElo "1852"]
[BlackElo "2551"]
[PlyCount "161"]
[EventDate "2022.11.01"]
[EventType "swiss (blitz)"]
[EventRounds "11"]
[EventCountry "USA"]
[SourceTitle "EXT 2024"]
[Source "ChessBase"]
[SourceDate "2023.10.10"]
[SourceVersion "1"]
[SourceVersionDate "2023.10.10"]
[SourceQuality "1"]

1. d4 Nf6 2. c4 g6 3. Nc3 d5 4. Nf3 Bg7 5. Bg5 dxc4 6. e3 Be6 7. Ne5 Nd5 8. Nxc4 c5 9. Be2 Nc6 10. 0-0 cxd4 11. exd4 Nxd4 12. Qa4+ Bd7 13. Qd1 Nxc3 14. bxc3 Nxe2+ 15. Qxe2 Be6 16. Rad1 Qc7 17. Ne3 0-0 18. c4 Rfe8 19. Nd5 Bxd5 20. cxd5 Qd7 21. Rfe1 Bf6 22. Bxf6 exf6 23. Qd3 Rxe1+ 24. Rxe1 Rd8 25. Rd1 Qd6 26. g3 Kg7 27. Qd4 b6 28. h4 Qe5 29. Qd2 Rd6 30. Qd3 h6 31. Kg2 f5 32. Qc4 Qe4+ 33. Qxe4 fxe4 34. f3 exf3+ 35. Kxf3 Kf6 36. Ke4 Ke7 37. Ke5 f6+ 38. Kd4 h5 39. Rc1 Kd8 40. a4 Kd7 41. Rc3 Ke7 42. Rc7+ Rd7 43. Rc6 Kf7 44. Rc8 g5 45. Rh8 Kg6 46. Ke4 Re7+ 47. Kd4 Re1 48. hxg5 fxg5 49. d6 Kf5 50. Kd5 Kg4 51. Rg8 Rd1+ 52. Ke6 Re1+ 53. Kf6 Rf1+ 54. Ke7 Re1+ 55. Kd8 Re3 56. Kc7 Rxg3 57. d7 Rd3 58. d8Q Rxd8 59. Rxd8 h4 60. Kb7 h3 61. Rh8 Kg3 62. Kxa7 g4 63. Kxb6 Kf2 64. Rf8+ Kg2 65. a5 h2 66. Rh8 g3 67. a6 h1Q 68. Rxh1 Kxh1 69. a7 g2 70. a8Q Kh2 71. Qh8+ Kg3 72. Qg7+ Kh2 73. Qh6+ Kg3 74. Qg5+ Kf2 75. Qf4+ Ke2 76. Qg3 Kf1 77. Qf3+ Kg1 78. Kc5 Kh2 79. Qf2 Kh1 80. Qh4+ Kg1 81. Kd4 1-0

[Event "Titled Tuesday intern op 11th Oct Early"]
[Site "Chess.com INT"]
[Date "2022.10.11"]
[Round "9"]
[White "Amgalantengis, Enkh Amgalan"]
[Black "Martic, Ivan"]
[Result "0-1"]
[WhiteElo "1872"]
[BlackElo "2264"]
[PlyCount "34"]
[EventDate "2022.10.11"]
[EventType "swiss (blitz)"]
[EventRounds "11"]
[EventCountry "USA"]
[SourceTitle "EXT 2024"]
[Source "ChessBase"]
[SourceDate "2023.10.10"]
[SourceVersion "1"]
[SourceVersionDate "2023.10.10"]
[SourceQuality "1"]

1. d4 Nf6 2. c4 e6 3. g3 Bb4+ 4. Bd2 a5 5. Nf3 0-0 6. Bg2 d5 7. Qc1 b6 8. 0-0 Bb7 9. Ne5 Qc8 10. a3 Be7 11. Nc3 Nbd7 12. Nxd7 Qxd7 13. cxd5 exd5 14. Qc2 c5 15. dxc5 bxc5 16. Rfd1 d4 17. Qe4 Nxe4 0-1

[Event "Titled Tuesday intern op 11th Oct Early"]
[Site "Chess.com INT"]
[Date "2022.10.11"]
[Round "7"]
[White "Machidon, Cristi"]
[Black "Amgalantengis, Enkh Amgalan"]
[Result "1-0"]
[WhiteElo "2278"]
[BlackElo "1872"]
[PlyCount "109"]
[EventDate "2022.10.11"]
[EventType "swiss (blitz)"]
[EventRounds "11"]
[EventCountry "USA"]
[SourceTitle "EXT 2024"]
[Source "ChessBase"]
[SourceDate "2023.10.10"]
[SourceVersion "1"]
[SourceVersionDate "2023.10.10"]
[SourceQuality "1"]

1. d4 d5 2. c4 c6 3. Nc3 Nf6 4. Nf3 e6 5. Bg5 h6 6. Bxf6 Qxf6 7. e3 Nd7 8. Qc2 g6 9. Be2 dxc4 10. Bxc4 Bg7 11. Ne4 Qe7 12. 0-0 0-0 13. Rab1 e5 14. d5 cxd5 15. Bxd5 Nb6 16. Nc3 Rd8 17. e4 Be6 18. Bxe6 Qxe6 19. Rfd1 Bf6 20. Nd2 Rd7 21. Nb3 Be7 22. Rxd7 Qxd7 23. Rd1 Qe6 24. Na5 Nc4 25. Nxc4 Qxc4 26. Qd3 Qxd3 27. Rxd3 Rd8 28. Nd5 Bc5 29. Nf6+ Kg7 30. Nh5+ gxh5 31. Rxd8 Bd4 32. b3 a5 33. Kf1 Kf6 34. Rd6+ Kg5 35. Ke2 b6 36. g3 Bc5 37. Rc6 f6 38. h4+ Kg6 39. Rxc5 bxc5 40. Kd3 f5 41. f3 Kf6 42. Kc4 f4 43. gxf4 exf4 44. Kxc5 Ke5 45. a3 Ke6 46. b4 axb4 47. axb4 Kd7 48. b5 Kc7 49. e5 Kd7 50. b6 Kc8 51. e6 Kb7 52. e7 Ka6 53. e8Q Kb7 54. Qc6+ Ka6 55. Qa8# 1-0

[Event "Titled Tuesday intern op 27th Sep Early"]
[Site "Chess.com INT"]
[Date "2022.09.27"]
[Round "2"]
[White "Shuvalov, Evgenij"]
[Black "Amgalantengis, Enkh Amgalan"]
[Result "1-0"]
[WhiteElo "2149"]
[BlackElo "1872"]
[PlyCount "47"]
[EventDate "2022.09.27"]
[EventType "swiss (blitz)"]
[EventRounds "11"]
[EventCountry "USA"]
[SourceTitle "CBM 210 Extra"]
[Source "ChessBase"]
[SourceDate "2022.11.30"]
[SourceVersion "1"]
[SourceVersionDate "2022.11.30"]
[SourceQuality "1"]

1. d4 d5 2. c4 c6 3. Nf3 Nf6 4. Nc3 e6 5. cxd5 Nbd7 6. dxe6 fxe6 7. e4 Bb4 8. Bd3 0-0 9. Qb3 Qe7 10. 0-0 c5 11. e5 Nh5 12. Ng5 cxd4 13. Nb5 Nxe5 14. Bxh7+ Kh8 15. Qh3 g6 16. Bxg6 Nxg6 17. Qxh5+ Kg7 18. Qh7+ Kf6 19. Ne4+ Kf5 20. Qh5+ Kxe4 21. f3+ Kd3 22. Rd1+ Kc2 23. Nxd4+ Kxd1 24. Bg5# 1-0

[Event "Titled Tuesday intern op 27th Sep Early"]
[Site "Chess.com INT"]
[Date "2022.09.27"]
[Round "1"]
[White "Sychev, Klementy"]
[Black "Amgalantengis, Enkh Amgalan"]
[Result "1-0"]
[WhiteElo "2552"]
[BlackElo "1872"]
[PlyCount "53"]
[EventDate "2022.09.27"]
[EventType "swiss (blitz)"]
[EventRounds "11"]
[EventCountry "USA"]
[SourceTitle "CBM 210 Extra"]
[Source "ChessBase"]
[SourceDate "2022.11.30"]
[SourceVersion "1"]
[SourceVersionDate "2022.11.30"]
[SourceQuality "1"]

1. d4 d5 2. c4 c6 3. e3 Nf6 4. Bd3 e6 5. b3 Nbd7 6. Bb2 Bd6 7. Nc3 0-0 8. Nge2 Re8 9. 0-0 e5 10. cxd5 cxd5 11. dxe5 Nxe5 12. Bb5 Bd7 13. Bxd7 Qxd7 14. Nf4 Rad8 15. Ncxd5 Nxd5 16. Qxd5 Ng4 17. Rad1 Qe7 18. Qh5 Nxe3 19. fxe3 Qxe3+ 20. Kh1 Bxf4 21. Rxd8 Rxd8 22. Qf5 Qf2 23. Qb1 Qh4 24. g3 Bxg3 25. Qc2 Bd6 26. Qg2 Bxh2 27. Qxg7# 1-0

[Event "Titled Tuesday intern op 13th Sep Early"]
[Site "Chess.com INT"]
[Date "2022.09.13"]
[Round "2"]
[White "Roque Sola, Jose Luis"]
[Black "Amgalantengis, Enkh Amgalan"]
[Result "1-0"]
[WhiteElo "2217"]
[BlackElo "1872"]
[PlyCount "119"]
[EventDate "2022.09.13"]
[EventType "swiss (blitz)"]
[EventRounds "11"]
[EventCountry "USA"]
[SourceTitle "EXT 2023"]
[Source "ChessBase"]
[SourceDate "2022.10.05"]
[SourceVersion "1"]
[SourceVersionDate "2022.10.05"]
[SourceQuality "1"]

1. c4 c6 2. Nf3 Nf6 3. g3 d5 4. b3 Bf5 5. Bb2 e6 6. Bg2 Nbd7 7. 0-0 Bd6 8. d3 0-0 9. Nbd2 Qc7 10. Qc2 Bg6 11. Nh4 Be5 12. Nxg6 hxg6 13. d4 Bd6 14. e4 dxe4 15. Nxe4 Nxe4 16. Qxe4 Nf6 17. Qe2 Rfe8 18. Bc3 e5 19. Qb2 exd4 20. Bxd4 Be5 21. Bxe5 Qxe5 22. Qxe5 Rxe5 23. Rfe1 Rae8 24. Kf1 Ng4 25. Rxe5 Nxe5 26. Re1 Re6 27. Bh3 Nf3 28. Bxe6 Nxe1 29. Bxf7+ Kxf7 30. Kxe1 g5 31. Ke2 Ke6 32. Ke3 Ke5 33. f4+ gxf4+ 34. gxf4+ Kf5 35. Kf3 c5 36. a3 a5 37. h3 g6 38. Ke3 Kf6 39. Ke4 Ke6 40. Kf3 Kf5 41. Ke3 Kf6 42. Kf2 Kf5 43. Kf3 Kf6 44. Kg4 Ke6 45. Kg5 Kf7 46. h4 b5 47. cxb5 a4 48. b6 axb3 49. b7 b2 50. b8Q b1Q 51. Qxb1 c4 52. Qxg6+ Ke7 53. Qe4+ Kd8 54. Qxc4 Kd7 55. Qb5+ Kd8 56. Qb7 Ke8 57. h5 Kd8 58. h6 Ke8 59. h7 Kd8 60. h8Q# 1-0

[Event "Titled Tuesday intern op 30th Aug Early"]
[Site "Chess.com INT"]
[Date "2022.08.30"]
[Round "1"]
[White "Amgalantengis, Enkh Amgalan"]
[Black "Livaic, Leon"]
[Result "1/2-1/2"]
[WhiteElo "1872"]
[BlackElo "2576"]
[PlyCount "104"]
[EventDate "2022.08.30"]
[EventType "swiss (blitz)"]
[EventRounds "11"]
[EventCountry "USA"]
[SourceTitle "EXT 2023"]
[Source "ChessBase"]
[SourceDate "2022.10.05"]
[SourceVersion "1"]
[SourceVersionDate "2022.10.05"]
[SourceQuality "1"]

1. d4 Nf6 2. c4 g6 3. Nc3 d5 4. Nf3 Bg7 5. Bg5 dxc4 6. e3 c5 7. Bxc4 cxd4 8. exd4 0-0 9. 0-0 Nc6 10. d5 Na5 11. Be2 Bg4 12. h3 Bxf3 13. Bxf3 Qb6 14. Na4 Qd6 15. Qd2 Nc4 16. Qf4 b5 17. Qxd6 exd6 18. Nc3 a6 19. b3 Ne5 20. Rac1 Nxf3+ 21. gxf3 b4 22. Bxf6 Bxf6 23. Ne4 Be5 24. Rc6 Rfd8 25. Rfc1 a5 26. R1c4 h6 27. f4 Bg7 28. Nxd6 Bf8 29. Ne4 f5 30. Nf6+ Kf7 31. Re6 Rac8 32. Nd7 Bg7 33. Ne5+ Bxe5 34. fxe5 Rxc4 35. bxc4 Rb8 36. Ra6 Rc8 37. Ra7+ Ke8 38. Rxa5 Rxc4 39. Ra6 Re4 40. Ra8+ Ke7 41. Ra7+ Ke8 42. e6 Re5 43. Rd7 g5 44. f4 Re1+ 45. Kf2 Rd1 46. fxg5 hxg5 47. d6 Rd4 48. Kf3 Rd1 49. Ke2 Rd5 50. Kf2 Rd4 51. Re7+ Kd8 52. Rd7+ Ke8 1/2-1/2

[Event "Titled Tuesday intern op 30th Aug Early"]
[Site "Chess.com INT"]
[Date "2022.08.30"]
[Round "8"]
[White "Goryachkina, Aleksandra"]
[Black "Amgalantengis, Enkh Amgalan"]
[Result "1-0"]
[WhiteElo "2579"]
[BlackElo "1872"]
[PlyCount "131"]
[EventDate "2022.08.30"]
[EventType "swiss (blitz)"]
[EventRounds "11"]
[EventCountry "USA"]
[SourceTitle "EXT 2023"]
[Source "ChessBase"]
[SourceDate "2022.10.05"]
[SourceVersion "1"]
[SourceVersionDate "2022.10.05"]
[SourceQuality "1"]

1. e4 c6 2. d4 d5 3. e5 Bf5 4. Nd2 e6 5. Nb3 c5 6. Nxc5 Bxc5 7. dxc5 Qa5+ 8. c3 Qxc5 9. Be3 Qc7 10. f4 Nc6 11. Nf3 Nge7 12. Be2 Be4 13. 0-0 0-0 14. Rc1 Na5 15. Nd2 Bg6 16. c4 Rac8 17. cxd5 Qxc1 18. Qxc1 Rxc1 19. Rxc1 Nxd5 20. Kf2 Nc6 21. a3 Rd8 22. Nc4 Nxe3 23. Kxe3 f6 24. Bf3 Rd3+ 25. Kf2 Nd4 26. Bxb7 fxe5 27. Nxe5 Rd2+ 28. Ke3 Rc2 29. Rxc2 Nxc2+ 30. Kd2 Nd4 31. Nxg6 hxg6 32. Be4 Kf7 33. b4 Kf6 34. Kd3 Nb5 35. a4 Nd6 36. b5 g5 37. fxg5+ Kxg5 38. Kd4 Kf6 39. Bc6 Ke7 40. a5 Nf5+ 41. Kc5 Kd8 42. b6 axb6+ 43. Kxb6 Nd6 44. a6 e5 45. Bb7 Nc4+ 46. Kc5 Na5 47. a7 Nxb7+ 48. Kd5 Kc7 49. a8Q e4 50. Kxe4 Nd6+ 51. Kf4 Nc8 52. Qa5+ Kd7 53. Qg5 Nd6 54. Qxg7+ Kc6 55. Qf6 Kd5 56. h4 Kc6 57. h5 Kd5 58. h6 Ne4 59. Qe5+ Kc4 60. Qxe4+ Kb5 61. h7 Kb6 62. h8Q Kc7 63. Qg7+ Kd6 64. Qge5+ Kd7 65. Qb7+ Kd8 66. Qh8# 1-0

[Event "Titled Tuesday intern op 30th Aug Early"]
[Site "Chess.com INT"]
[Date "2022.08.30"]
[Round "11"]
[White "Mihailidis, Anastasios"]
[Black "Amgalantengis, Enkh Amgalan"]
[Result "1-0"]
[WhiteElo "2198"]
[BlackElo "1872"]
[PlyCount "81"]
[EventDate "2022.08.30"]
[EventType "swiss (blitz)"]
[EventRounds "11"]
[EventCountry "USA"]
[SourceTitle "EXT 2023"]
[Source "ChessBase"]
[SourceDate "2022.10.05"]
[SourceVersion "1"]
[SourceVersionDate "2022.10.05"]
[SourceQuality "1"]

1. e4 c6 2. d4 d5 3. exd5 cxd5 4. Bd3 Nc6 5. c3 Nf6 6. Bf4 Bg4 7. Qb3 Qd7 8. Nd2 e6 9. Ngf3 Bd6 10. Bxd6 Qxd6 11. 0-0 0-0 12. Qxb7 Rfb8 13. Qa6 Rxb2 14. Bb5 Ne4 15. Nxe4 dxe4 16. Ne5 Rxb5 17. Qxb5 Nxe5 18. Qxe5 Qxe5 19. dxe5 Be2 20. Rfe1 Bd3 21. Rac1 Rc8 22. Re3 f5 23. exf6 gxf6 24. f3 f5 25. fxe4 Bxe4 26. c4 Rc5 27. Ra3 a5 28. Rb3 Bd5 29. Rb5 Rxb5 30. cxb5 Bxa2 31. Rc5 Bd5 32. Rxd5 exd5 33. b6 a4 34. b7 a3 35. b8Q+ Kg7 36. Qb7+ Kh6 37. Qxd5 Kh5 38. Qxf5+ Kh6 39. Qf6+ Kh5 40. h3 a2 41. g4# 1-0

[Event "Titled Tuesday intern op 30th Aug Early"]
[Site "Chess.com INT"]
[Date "2022.08.30"]
[Round "2"]
[White "Nguyen, Quoc Hy"]
[Black "Amgalantengis, Enkh Amgalan"]
[Result "1-0"]
[WhiteElo "2268"]
[BlackElo "1872"]
[PlyCount "87"]
[EventDate "2022.08.30"]
[EventType "swiss (blitz)"]
[EventRounds "11"]
[EventCountry "USA"]
[SourceTitle "EXT 2023"]
[Source "ChessBase"]
[SourceDate "2022.10.05"]
[SourceVersion "1"]
[SourceVersionDate "2022.10.05"]
[SourceQuality "1"]

1. d4 d5 2. c4 c6 3. Nf3 Nf6 4. Nc3 e6 5. Bg5 Nbd7 6. e3 Bd6 7. Bd3 dxc4 8. Bxc4 b5 9. Bd3 Bb7 10. 0-0 0-0 11. Rc1 a6 12. Ne4 Be7 13. Bxf6 gxf6 14. Qc2 f5 15. Nc5 Nxc5 16. dxc5 Bf6 17. Rfd1 Qa5 18. e4 Qxa2 19. e5 Be7 20. Ra1 Qd5 21. b4 Rad8 22. Bxf5 exf5 23. Rxd5 Rxd5 24. Qxf5 Bc8 25. Qh5 Rfd8 26. Ng5 Bxg5 27. Qxg5+ Kf8 28. h4 Rd1+ 29. Kh2 R8d4 30. Rxd1 Rxd1 31. Qh6+ Kg8 32. Qxc6 Be6 33. Qxa6 Rd4 34. Qxb5 Rxh4+ 35. Kg1 Rc4 36. c6 Rc1+ 37. Kh2 Bc4 38. Qc5 Rc2 39. c7 Bd3 40. c8Q+ Kg7 41. Q8f8+ Kg6 42. Qcd6+ Kf5 43. Qxf7+ Ke4 44. Qf3# 1-0

[Event "Titled Tuesday intern op 23rd Aug Early"]
[Site "Chess.com INT"]
[Date "2022.08.23"]
[Round "6"]
[White "Amgalantengis, Enkh Amgalan"]
[Black "Dudzinski, Pawel"]
[Result "0-1"]
[WhiteElo "1872"]
[BlackElo "2198"]
[PlyCount "72"]
[EventDate "2022.08.23"]
[EventType "swiss (blitz)"]
[EventRounds "11"]
[EventCountry "USA"]
[SourceTitle "EXT 2023"]
[Source "ChessBase"]
[SourceDate "2022.10.05"]
[SourceVersion "1"]
[SourceVersionDate "2022.10.05"]
[SourceQuality "1"]

1. d4 f5 2. Bg5 g6 3. h4 Bg7 4. h5 h6 5. Bc1 g5 6. f4 g4 7. e4 d5 8. exf5 Bxf5 9. Bd3 e6 10. Ne2 Nc6 11. c3 Nf6 12. Ng3 Qd7 13. Nxf5 exf5 14. Qe2+ Ne4 15. Bxe4 fxe4 16. g3 Ne7 17. Be3 Bf6 18. Nd2 Nf5 19. Kf2 0-0-0 20. a4 Kb8 21. b4 Rc8 22. Nb3 Be7 23. Rhb1 Ka8 24. Nc5 Bxc5 25. bxc5 c6 26. a5 a6 27. Rb6 Rc7 28. Rab1 Ne7 29. Kg2 Nc8 30. R6b4 Na7 31. f5 Qxf5 32. Bf4 Rd7 33. c4 dxc4 34. Qxc4 Nb5 35. Qc2 Nxd4 36. Qb2 Qd5 0-1

[Event "Titled Tuesday intern op 23rd Aug Early"]
[Site "Chess.com INT"]
[Date "2022.08.23"]
[Round "11"]
[White "Amgalantengis, Enkh Amgalan"]
[Black "Novikova, Galina"]
[Result "0-1"]
[WhiteElo "1872"]
[BlackElo "2073"]
[PlyCount "128"]
[EventDate "2022.08.23"]
[EventType "swiss (blitz)"]
[EventRounds "11"]
[EventCountry "USA"]
[SourceTitle "EXT 2023"]
[Source "ChessBase"]
[SourceDate "2022.10.05"]
[SourceVersion "1"]
[SourceVersionDate "2022.10.05"]
[SourceQuality "1"]

1. g3 e6 2. f4 d5 3. Bg2 Nf6 4. Nf3 c5 5. d3 Nc6 6. 0-0 b6 7. Ne5 Bb7 8. c4 Be7 9. Qa4 Qc7 10. Nc3 0-0 11. cxd5 Nxe5 12. fxe5 Qxe5 13. Bf4 Qd4+ 14. Qxd4 cxd4 15. Nb5 Bxd5 16. Nxd4 Bxg2 17. Kxg2 Nd5 18. Rac1 Bf6 19. Nc6 Bxb2 20. Rc2 Bf6 21. e4 Nxf4+ 22. gxf4 Rfe8 23. Rfc1 g6 24. e5 Be7 25. d4 Bf8 26. Kf3 h5 27. Ke4 Bh6 28. Nb4 a5 29. Nd3 Ra7 30. a4 Rb7 31. Rc7 Reb8 32. Rxb7 Rxb7 33. d5 exd5+ 34. Kxd5 Rd7+ 35. Ke4 Bf8 36. Rc8 Kg7 37. Rb8 Bc5 38. Nxc5 bxc5 39. Rb5 Rd4+ 40. Ke3 Rxa4 41. Rxc5 Ra2 42. h4 a4 43. Ra5 a3 44. Ra7 Kf8 45. Kf3 Ra1 46. Kg3 a2 47. Kg2 Ke8 48. Kh2 Kd8 49. Kg2 Kc8 50. Kh2 Kb8 51. Ra3 Kb7 52. Kg2 Kc6 53. Ra5 Kb6 54. Ra8 Kc5 55. Ra4 Kd5 56. Ra5+ Ke4 57. Ra4+ Kf5 58. Kh2 Kg4 59. Kg2 Kxh4 60. f5+ Kg5 61. e6 fxe6 62. fxe6 Kf6 63. Ra6 Re1 64. Rxa2 Rxe6 0-1

[Event "Titled Tuesday intern op 23rd Aug Early"]
[Site "Chess.com INT"]
[Date "2022.08.23"]
[Round "1"]
[White "Mitrabha, Guha"]
[Black "Amgalantengis, Enkh Amgalan"]
[Result "1-0"]
[WhiteElo "2471"]
[BlackElo "1872"]
[PlyCount "47"]
[EventDate "2022.08.23"]
[EventType "swiss (blitz)"]
[EventRounds "11"]
[EventCountry "USA"]
[SourceTitle "EXT 2023"]
[Source "ChessBase"]
[SourceDate "2022.10.05"]
[SourceVersion "1"]
[SourceVersionDate "2022.10.05"]
[SourceQuality "1"]

1. c4 c6 2. Nf3 Nf6 3. e3 d5 4. Nc3 e6 5. b3 Nbd7 6. Bb2 Bd6 7. Qc2 0-0 8. Rg1 e5 9. cxd5 cxd5 10. Nb5 Bb8 11. Ba3 Re8 12. Nd6 Bxd6 13. Bxd6 Ne4 14. Ba3 Ndf6 15. Bb2 d4 16. Rc1 Bf5 17. Qc7 Ng4 18. Qxd8 Raxd8 19. d3 dxe3 20. fxe3 Nd6 21. e4 Be6 22. h3 Ne3 23. Be2 f6 24. Kf2 1-0

[Event "Ulaanbaatar Mica op"]
[Site "Ulaanbaatar"]
[Date "2022.06.19"]
[Round "4"]
[White "Amgalantengis, Enkh Amgalan"]
[Black "Tenguundalai, Ganbat"]
[Result "1-0"]
[WhiteElo "1878"]
[BlackElo "1281"]
[PlyCount "91"]
[EventDate "2022.06.17"]
[EventType "swiss"]
[EventRounds "9"]
[EventCountry "MGL"]
[SourceTitle "EXT 2023"]
[Source "ChessBase"]
[SourceDate "2022.10.05"]
[SourceVersion "1"]
[SourceVersionDate "2022.10.05"]
[SourceQuality "1"]

1. d4 Nf6 2. c4 e6 3. Nc3 d5 4. cxd5 Nxd5 5. e4 Nxc3 6. bxc3 c5 7. Nf3 cxd4 8. cxd4 Bb4+ 9. Bd2 Bxd2+ 10. Qxd2 0-0 11. Bc4 Nc6 12. 0-0 b6 13. Rfd1 Bb7 14. Rac1 Rc8 15. Qe2 Qe7 16. Ba6 Rfd8 17. Bxb7 Qxb7 18. d5 exd5 19. exd5 Ne7 20. Rxc8 Nxc8 21. Qc2 Ne7 22. d6 Nc8 23. Ng5 g6 24. Ne4 f5 25. Ng5 Rxd6 26. Qc4+ Kg7 27. Rxd6 Nxd6 28. Qd4+ Kh6 29. Qh4+ Kg7 30. Ne6+ Kg8 31. Qd8+ Kf7 32. Qxd6 Qc8 33. Qc7+ Qxc7 34. Nxc7 Ke7 35. Kf1 Kd7 36. Nb5 a6 37. Nd4 Kd6 38. Ke2 Kd5 39. Kd3 b5 40. f4 b4 41. Nb3 h6 42. h4 h5 43. g3 a5 44. Nxa5 Kc5 45. Nc4 Kb5 46. Ne5 1-0

[Event "Titled Tuesday intern op 24th May Early"]
[Site "Chess.com INT"]
[Date "2022.05.24"]
[Round "2"]
[White "Amgalantengis, Enkh Amgalan"]
[Black "Drygalov, Sergey"]
[Result "0-1"]
[WhiteElo "1878"]
[BlackElo "2546"]
[PlyCount "160"]
[EventDate "2022.05.24"]
[EventType "swiss (blitz)"]
[EventRounds "11"]
[EventCountry "USA"]
[SourceTitle "EXT 2023"]
[Source "ChessBase"]
[SourceDate "2022.10.05"]
[SourceVersion "1"]
[SourceVersionDate "2022.10.05"]
[SourceQuality "1"]

1. d4 Nf6 2. c4 e6 3. Nc3 Bb4 4. f3 c5 5. d5 0-0 6. e4 b5 7. cxb5 exd5 8. exd5 Re8+ 9. Kf2 a6 10. bxa6 Nxa6 11. Nh3 d6 12. Nf4 Nc7 13. g4 Nd7 14. Kg3 Ne5 15. Nb5 Bb7 16. Nxc7 Qxc7 17. Bb5 Re7 18. h4 c4 19. a4 Qc5 20. Bd2 f5 21. g5 Ng6 22. Rc1 Bxd2 23. Qxd2 Re3 24. Rxc4 Qb6 25. Qd4 Qxd4 26. Rxd4 Ne5 27. Rf1 Rc8 28. Rf2 h6 29. a5 hxg5 30. hxg5 Ra8 31. b4 Kf7 32. Bf1 Rb3 33. Nd3 Ng6 34. f4 Ba6 35. Rf3 Re8 36. Kf2 Nh4 37. Re3 Rc8 38. Kg3 Ng6 39. Be2 Rcc3 40. Kf2 Ne7 41. Ke1 Ra3 42. Kd2 Rcb3 43. Kc2 Rc3+ 44. Kd2 Rcb3 45. Kc2 Bb7 46. Rh3 Bxd5 47. Bf1 Ra2+ 48. Kc1 Rba3 49. Kb1 Be4 50. Rxe4 fxe4 51. Nc1 Rxh3 52. Nxa2 Rf3 53. Bc4+ d5 54. Bb5 e3 55. a6 Nc8 56. Bd7 Nb6 57. Bb5 Rf2 58. Nc1 d4 59. Nd3 Rd2 60. Nc1 Ke6 61. Bc6 Kd6 62. Bf3 d3 63. b5 e2 64. Nxd3 Rd1+ 65. Kc2 e1Q 66. Nxe1 Rxe1 67. Kd2 Ra1 68. Ke3 g6 69. Be2 Ra3+ 70. Bd3 Nd5+ 71. Kd4 Ra4+ 72. Bc4 Nb6 73. Kc3 Rxc4+ 74. Kb3 Rxf4 75. a7 Ra4 76. a8Q Rxa8 77. Kb4 Ra4+ 78. Kb3 Kc5 79. Kc3 Ra3+ 80. Kb2 Rg3 0-1

[Event "Titled Tuesday intern op 24th May Early"]
[Site "Chess.com INT"]
[Date "2022.05.24"]
[Round "4"]
[White "Amgalantengis, Enkh Amgalan"]
[Black "Makhnev, Denis"]
[Result "1-0"]
[WhiteElo "1878"]
[BlackElo "2505"]
[PlyCount "191"]
[EventDate "2022.05.24"]
[EventType "swiss (blitz)"]
[EventRounds "11"]
[EventCountry "USA"]
[SourceTitle "EXT 2023"]
[Source "ChessBase"]
[SourceDate "2022.10.05"]
[SourceVersion "1"]
[SourceVersionDate "2022.10.05"]
[SourceQuality "1"]

1. d4 Nf6 2. c4 e6 3. Nc3 Bb4 4. e3 0-0 5. Bd3 c5 6. Nf3 d5 7. a3 Bxc3+ 8. bxc3 dxc4 9. Bxc4 Qc7 10. Be2 b6 11. 0-0 Bb7 12. Bb2 Rd8 13. Rc1 Nc6 14. Qa4 e5 15. Rfd1 h6 16. Ba6 Bxa6 17. Qxa6 Rd7 18. dxc5 bxc5 19. c4 Rad8 20. Qa4 Ne8 21. h3 f6 22. Bc3 Nd6 23. Rd5 Ne4 24. Be1 Kf7 25. Qc2 Nd6 26. Rxc5 Qb7 27. Rb1 Qa8 28. Rd5 Ne7 29. Rdd1 Rc8 30. Bb4 Rc6 31. c5 Rd8 32. Qb3+ Nc4 33. Qxc4+ Kf8 34. Rxd8+ Qxd8 35. Qe2 Qc8 36. Rd1 Qe6 37. Qd2 Kf7 38. Qd7 Qb3 39. Rd6 Qb1+ 40. Kh2 Rc8 41. Re6 Re8 42. c6 Qf5 43. Rxe7+ Rxe7 44. Qxf5 Rc7 45. Qd7+ Rxd7 46. cxd7 Ke6 47. d8Q Kf5 48. Ng1 g5 49. Be1 h5 50. Qd1 h4 51. Kh1 e4 52. Ne2 a5 53. Kg1 a4 54. Nc1 Kg6 55. Qxa4 f5 56. Qd1 f4 57. a4 Kf5 58. a5 fxe3 59. fxe3 g4 60. Qxg4+ Ke5 61. Qxh4 Kd5 62. a6 Kc4 63. Qf2 Kc5 64. Qd2 Kc4 65. a7 Kb5 66. a8Q Kc4 67. Qh8 Kb5 68. Qh4 Kc4 69. Qhf2 Kb5 70. Kh2 Kc4 71. Qg1 Kb5 72. Qh1 Kc4 73. Kg3 Kb5 74. h4 Kc4 75. h5 Kb5 76. h6 Kc4 77. h7 Kb5 78. Kf4 Kc4 79. g4 Kb5 80. g5 Kc4 81. g6 Kb5 82. g7 Kc4 83. Kf5 Kb5 84. Ke6 Kc4 85. Kf7 Kb5 86. g8Q Kc4 87. h8Q Kb5 88. Qxe4 Ka6 89. Qeh1 Ka7 90. e4 Ka6 91. e5 Ka7 92. e6 Ka6 93. e7 Ka7 94. e8Q Ka6 95. Qea8+ Kb6 96. Qhc6# 1-0

[Event "Titled Tuesday intern op 09th Nov"]
[Site "Chess.com INT"]
[Date "2021.11.09"]
[Round "2"]
[White "Sanchez, Roberto Daniel"]
[Black "Amgalantengis, Enkh Amgalan"]
[Result "1-0"]
[WhiteElo "1970"]
[BlackElo "1878"]
[PlyCount "37"]
[EventDate "2021.11.09"]
[EventType "swiss (blitz)"]
[EventRounds "11"]
[EventCountry "USA"]
[SourceTitle "CBM 205 Extra"]
[Source "ChessBase"]
[SourceDate "2022.01.31"]
[SourceVersion "1"]
[SourceVersionDate "2022.01.31"]
[SourceQuality "1"]

1. e4 c6 2. Nf3 d5 3. Nc3 dxe4 4. Nxe4 Nf6 5. Nxf6+ gxf6 6. d4 Bg4 7. c3 e6 8. Be2 Bd6 9. Be3 f5 10. Qd2 Nd7 11. 0-0-0 Qa5 12. Bc4 0-0-0 13. Bf4 Nb6 14. Bb3 Bxf3 15. gxf3 Nd5 16. Bg3 b5 17. Kb1 Kb7 18. Qh6 Rdg8 19. Bxd6 1-0

[Event "Speed Chess Super Swiss"]
[Site "Chess.com INT"]
[Date "2021.10.16"]
[Round "2"]
[White "Pourkashiyan, Atousa"]
[Black "Amgalantengis, Enkh Amgalan"]
[Result "1-0"]
[WhiteElo "2322"]
[BlackElo "1878"]
[PlyCount "159"]
[EventDate "2021.10.16"]
[EventType "swiss (blitz)"]
[EventRounds "15"]
[EventCountry "USA"]
[SourceTitle "CBM 204 Extra"]
[Source "ChessBase"]
[SourceDate "2021.11.30"]
[SourceVersion "1"]
[SourceVersionDate "2021.11.30"]
[SourceQuality "1"]

1. e4 c6 2. d4 d5 3. Nd2 dxe4 4. Nxe4 Nf6 5. Nxf6+ gxf6 6. Nf3 h5 7. Be3 h4 8. h3 Bf5 9. Bd3 e6 10. Bxf5 Qa5+ 11. Qd2 Qxf5 12. 0-0-0 a5 13. Kb1 a4 14. a3 Nd7 15. Rhe1 b5 16. Qd3 Qxd3 17. Rxd3 Nb6 18. Nd2 f5 19. Nf3 Bd6 20. Bg5 Nd5 21. Nxh4 f6 22. Nxf5 Bf8 23. Bc1 Kd7 24. Ne3 f5 25. Nxd5 cxd5 26. Rde3 Ra6 27. Rg3 Rc6 28. Rg6 Ke7 29. Bd2 Kf7 30. Rg3 Bg7 31. c3 Bf6 32. Bf4 Rh4 33. Be5 Bxe5 34. Rxe5 Rc8 35. Rge3 Re4 36. R5xe4 fxe4 37. f3 exf3 38. Rxf3+ Ke7 39. Kc2 Rg8 40. g4 Rh8 41. Kd3 Kd6 42. Ke3 e5 43. dxe5+ Kxe5 44. Rf5+ Kd6 45. Rh5 Re8+ 46. Kd3 Re1 47. Rh8 Rg1 48. Rg8 Rg2 49. Kd4 Rd2+ 50. Ke3 Rxb2 51. g5 Rh2 52. Rh8 Rg2 53. h4 Rg3+ 54. Kd4 Rg4+ 55. Kd3 Rg3+ 56. Kd2 d4 57. Rd8+ Kc5 58. Rxd4 Rg2+ 59. Kd3 Rg3+ 60. Kc2 Rg2+ 61. Rd2 Rg1 62. Rh2 Ra1 63. Kb2 Rg1 64. h5 Rxg5 65. h6 Rg8 66. h7 Rh8 67. Kc2 Kc4 68. Rh4+ Kd5 69. Kd3 Kc5 70. Rh5+ Kb6 71. Kd4 Ka5 72. Rh6 Rd8+ 73. Ke3 Rh8 74. Kd2 Rd8+ 75. Kc2 Rh8 76. Kb2 b4 77. axb4+ Kb5 78. Rh5+ Kc4 79. Kc2 a3 80. Rc5# 1-0